000 00626cam a22001934a 4500
005 20250605164352.0
008 250528s ||||||||||||||||||||||||d
035 _a24117
040 _aGR-AtMCL
_bgre
_dGR-AtMCL
_eAACR2
245 1 _aStepping Up Primary Care / Jim White on a Radical Approach to Mental Health
260 _c2008
300 _a79
520 _aDiets and Behaviour, The Calls of the Wild, Cognitive Psychology and Holmes, Factor Analysis - The Magic Number.
700 1 _aSutton Jon
_99351
942 _cCR
710 2 _aThe British Psychological Society
_99823
999 _c9016
_d9016